000 00444nam a2200181Ia 4500
001 20652
005 20260306172821.0
008 260306t2010||||xx |||||||||||||| ||spa||
041 _aESP
082 _a346.6
_bG12
100 _aGuzmán Napurí , Christian
_eAUT
245 0 _aManual de actualización administrativa
260 _c2010
300 _a223 páginas :
_c24 cm.
650 _aGEN
654 _aCDE
942 _cLIB
_dJUS
_fJUS
_2ddc
_n
999 _c20652
_d20652